000
00316nam a22001337a 4500
020
_a
9788183600774
082
_a
631.5871
_b
MAN/PR
100
_a
Mane, M.S
245
_a
Principles of drip irrigatin system
260
_a
New Delhi
_b
Jain Brothers
_c
2008
700
_a
Ayare, B.L
700
_a
Magar, S.S
942
_c
BK
999
_c
13959
_d
13959